Countries of Europe in their official languages - Statistics

General Stats
  • This quiz has been taken 22 times
  • The average score is 28 of 45
Answer Stats
Picture Answer % Correct
Deutschland
94%
España
88%
France
88%
Italia
88%
Polska
88%
Portugal
88%
Suisse / Schweiz / Svizzera / Svizra
88%
Suomi
88%
United Kingdom
88%
Andorra
81%
Belgique / België / Belgien
81%
Lëtzebuerg / Luxemburg / Luxembourg
81%
Österreich
81%
San Marino
81%
Hrvatska
75%
Malta
75%
Monaco
75%
Éire / Ireland
69%
Kosova / Kosovo
69%
România
69%
Sverige
69%
Bielaruś / Belarus'
63%
Danmark
63%
Ísland
63%
Liechtenstein
63%
Nederland
63%
Norge
63%
Moldova
56%
Crna Gora
50%
Eesti
50%
Slovenija
50%
Città del Vaticano / Civitas Vaticana
44%
Elláda
44%
Lietuva
44%
Shqipëria
44%
Srbija
44%
Češka
38%
Latvija
38%
Magyarország
38%
Rossiya
38%
Slovensko
38%
Bosna i Hercegovina
31%
Bŭlgariya
31%
Séverna Makedóniya / Maqedonia e Veriut
19%
Ukrayina
19%
No matching quizzes found
Score Distribution
Percent of People with Each Score
Percentile by Number Answered
Your Score History
You have not taken this quiz